000 00453pab a2200181 454500
008 180718b2008 xxu||||| |||| 00| 0 eng d
100 _aHeston, Alan
245 _aInstitutional flaws and corruption incentives in India
260 _c2008
300 _ap.1243-261.
362 _aOct
650 _aCorruption - India
650 _aCorruption
700 _aVijay Kumar
773 _aJournal of Development Studies
908 _aN
909 _a80392
999 _c80392
_d80392